Strategic human resource technologies: keys to managing people (Record no. 76842)

MARC details
000 -LEADER
fixed length control field 01227nam a2200241 a 4500
008 - FIXED-LENGTH DATA ELEMENTS--GENERAL INFORMATION
fixed length control field 101109s2007 ||||||||||||||||| || u
020 ## - INTERNATIONAL STANDARD BOOK NUMBER
International Standard Book Number 9780761935582
050 ## - LIBRARY OF CONGRESS CALL NUMBER
Classification number HF 5549.5 Cha
100 ## - MAIN ENTRY--PERSONAL NAME
Personal name Chanda, Ashok, 1965-
245 10 - TITLE STATEMENT
Title Strategic human resource technologies: keys to managing people
Statement of responsibility, etc. Ashok Chanda with B. Sivarama Krishna and Jie Shen
260 ## - PUBLICATION, DISTRIBUTION, ETC.
Place of publication, distribution, etc. Thousand Oaks, CA:
Name of publisher, distributor, etc. Response Books
Date of publication, distribution, etc. 2007
300 ## - PHYSICAL DESCRIPTION
Extent 519p.: ill.
350 ## -
-- 0.00
650 ## - SUBJECT ADDED ENTRY--TOPICAL TERM
Topical term or geographic name entry element STRATEGIC PLANNING--DATA PROCESSING
650 #0 - SUBJECT ADDED ENTRY--TOPICAL TERM
Topical term or geographic name entry element MANAGEMENT
650 ## - SUBJECT ADDED ENTRY--TOPICAL TERM
Topical term or geographic name entry element MANAGEMENT INFORMATION SYSTEMS
650 ## - SUBJECT ADDED ENTRY--TOPICAL TERM
Topical term or geographic name entry element PERSONNEL MANAGEMENT--TECHNOLOGICAL INNOVATIONS
700 ## - ADDED ENTRY--PERSONAL NAME
Personal name Krishna, B. Sivarama
700 ## - ADDED ENTRY--PERSONAL NAME
Personal name Shen, Jie
995 ## -
-- ANNEX COLLECTION (Main Library)
-- 0.00
-- 741963
-- CBU-MAIN LIBRARY (Kitwe)
-- 1
-- 0.00
-- HF 5549.5 Cha
-- 1
-- AVAILABLE
-- Nov 16, 2010
-- 741963
-- Annex Low-Usage Collection
995 ## -
-- MAIN LIBRARY OPEN ACCESS
-- 0.00
-- 742212
-- CBU-MAIN LIBRARY (Kitwe)
-- 1
-- 0.00
-- HF 5549.5 Cha
-- 2
-- AVAILABLE
-- Dec 1, 2010
-- 742212
-- Main Library Open Access Collection
995 ## -
-- MAIN LIBRARY OPEN ACCESS
-- 0.00
-- 742189
-- CBU-MAIN LIBRARY (Kitwe)
-- 1
-- 0.00
-- HF 5549.5 Cha
-- 3
-- AVAILABLE
-- Dec 20, 2010
-- 742189
-- Main Library Open Access Collection
999 ## -
-- 76842
-- 76842
Holdings
Withdrawn status Lost status Source of classification or shelving scheme Damaged status Not for loan Permanent Location Current Location Shelving location Date acquired Total Checkouts Full call number Barcode Date last seen Copy number Price effective from Koha item type
          CBU-MAIN LIBRARY, KITWE. CBU-MAIN LIBRARY, KITWE.   04/25/2023   HF 5549.5 Cha 741963 04/25/2023 1 04/25/2023 MONOGRAPH
          CBU-MAIN LIBRARY, KITWE. CBU-MAIN LIBRARY, KITWE.   04/25/2023   HF 5549.5 Cha 742212 04/25/2023 2 04/25/2023 MONOGRAPH
          CBU-MAIN LIBRARY, KITWE. CBU-MAIN LIBRARY, KITWE.   04/25/2023   HF 5549.5 Cha 742189 04/25/2023 3 04/25/2023 MONOGRAPH